Datum a čas kvízu
32.5
Celkem bodů
Celkový počet nahraných bodů na tomto kvízu bez doplňovacích otázek.
6.
Pořadí na kvízu
Konečné umístění týmu na tomto kvízu.
Zaznamenané odpovědi
| # | Otázka | Odpověď | Body | Výsledky |
|---|---|---|---|---|
| 1. | Ve středu přijali poslanci nov... | přiosvojení | 0 | |
| 2. | Jistá země od noci na pátek na... | Kazachstán | 1 | |
| 3. | Jak se jmenuje 88letý zahranič... | Alain Delon | 1 | |
| 4. | Ředitelka české pobočky jedné... | 0 | ||
| 5. | Ve kterém britském městě se od... | v Glasgow | 1 | |
| 6. | Napište český i latinský název... | kost stehenní, femur (os femoris) | 1 | |
| 7. | Ve kterém kraji České republik... | v Královéhradeckém | 1 | |
| 8. | Hlavní postava seriálu Sběrate... | Booth | 0 | |
| 9. | Která párová kost u psů a koní... | klíční kost (clavicula) | 1 | |
| 10. | V září roku 2012 byla pod park... | Richard III. | 1 |